<?xml version="1.0" encoding="UTF-8"?>
<record
    xmlns:xsi="http://www.w3.org/2001/XMLSchema-instance"
    xsi:schemaLocation="http://www.loc.gov/MARC21/slim http://www.loc.gov/standards/marcxml/schema/MARC21slim.xsd"
    xmlns="http://www.loc.gov/MARC21/slim">

  <leader>03506cam a2200409Ia 4500</leader>
  <controlfield tag="001">DIGAGUA0519</controlfield>
  <controlfield tag="003">NyNyDIG</controlfield>
  <controlfield tag="006">m     o  d        </controlfield>
  <controlfield tag="007">cr |||||||||||</controlfield>
  <controlfield tag="008">161101t19981998sp      ob    000 0 spa d</controlfield>
  <datafield tag="020" ind1=" " ind2=" ">
    <subfield code="z">9788480181365</subfield>
  </datafield>
  <datafield tag="020" ind1=" " ind2=" ">
    <subfield code="z">8480181362</subfield>
  </datafield>
  <datafield tag="035" ind1=" " ind2=" ">
    <subfield code="a">(OCoLC)607027111</subfield>
  </datafield>
  <datafield tag="040" ind1=" " ind2=" ">
    <subfield code="a">DGITA</subfield>
    <subfield code="b">eng</subfield>
    <subfield code="e">rda</subfield>
    <subfield code="e">pn</subfield>
    <subfield code="c">DGITA</subfield>
  </datafield>
  <datafield tag="050" ind1="1" ind2="4">
    <subfield code="a">PQ6613.A763 eBook</subfield>
  </datafield>
  <datafield tag="245" ind1="0" ind2="0">
    <subfield code="a">Federico Garc&#xED;a Lorca en el espejo del tiempo /</subfield>
    <subfield code="c">edici&#xF3;n de Pedro Guerrero Ruiz.</subfield>
  </datafield>
  <datafield tag="264" ind1=" " ind2="1">
    <subfield code="a">Alicante :</subfield>
    <subfield code="b">Caja de Ahorros del Mediterr&#xE1;neo :</subfield>
    <subfield code="b">Editorial Aguaclara S.L.,</subfield>
    <subfield code="c">marzo, 1998. </subfield>
  </datafield>
  <datafield tag="264" ind1=" " ind2="4">
    <subfield code="c">&#xA9;1998</subfield>
  </datafield>
  <datafield tag="300" ind1=" " ind2=" ">
    <subfield code="a">1 online resource (325 pages)</subfield>
  </datafield>
  <datafield tag="336" ind1=" " ind2=" ">
    <subfield code="a">text</subfield>
    <subfield code="b">txt</subfield>
    <subfield code="2">rdacontent</subfield>
  </datafield>
  <datafield tag="337" ind1=" " ind2=" ">
    <subfield code="a">computer</subfield>
    <subfield code="b">c</subfield>
    <subfield code="2">rdamedia</subfield>
  </datafield>
  <datafield tag="338" ind1=" " ind2=" ">
    <subfield code="a">online resource</subfield>
    <subfield code="b">cr</subfield>
    <subfield code="2">rdacarrier</subfield>
  </datafield>
  <datafield tag="490" ind1="1" ind2=" ">
    <subfield code="a">Colecci&#xF3;n Amalgama ;</subfield>
    <subfield code="v">19</subfield>
  </datafield>
  <datafield tag="504" ind1=" " ind2=" ">
    <subfield code="a">Includes bibliographical references.</subfield>
  </datafield>
  <datafield tag="505" ind1="1" ind2=" ">
    <subfield code="a">Pr&#xF3;logo / Pedro Guerrero Ruiz -- Lorca y la crisis de la palabra / Nigel Dennis -- Garc&#xED;a Lorca en Nueva York: angustia y soledad / Francisco Javier D&#xED;ez de Revenga -- Desolaci&#xF3;n y deterioro en el espect&#xE1;culo neoyorquino de Lorca / Br&#xED;gida Pastor -- Poeta en Nueva York y Romancero gitano: apuntes para una verdad po&#xE9;tica / Mar&#xED;a Clementa Mill&#xE1;n -- La imposible infancia recobrada de Federico Garc&#xED;a Lorca: las claves en La balada de Caperucita / Antonio Mendoza Fillola -- Lorca, el Romanticismo y Granada / Dolores Flores-Silva y Brian J. Dendle -- Garc&#xED;a Lorca y el Suplemento Literario de La Verdad / Jos&#xE9; Belmonte Serrano -- Yerma de Lorca, historia de una pasi&#xF3;n: natura, naturaleza, naturalidad / Mary S. V&#xE1;squez -- Yerma, la tragedia de la mujer satisfecha / Aurora Marco -- La Yerma de Miguel Narros / Tina Pereda -- La casa de Bernarda Alba en el teatro actual: El local de Bernardeta A., de Lourdes Ortiz / Anthony Percival -- Hipoteatro, epiteatro y metateatro en la dramaturgia de Lorca / Alfredo Rodr&#xED;guez L&#xF3;pez-V&#xE1;zquez -- Apuntes sobre la actividad esc&#xE9;nica madrile&#xF1;a (1919-1920) de Garc&#xED;a Lorca en su Epistolario / Jos&#xE9; Romera Castillo -- Federico Garc&#xED;a Lorca y el drama rural / Brian J. Dendle -- El p&#xFA;blico en el teatro de Garc&#xED;a Lorca / Peter G. Broad -- Tratadismo pict&#xF3;rico en la poes&#xED;a de Garc&#xED;a Lorca / Pedro Guerrero Ruiz y Ver&#xF3;nica Dean-Thacker -- Garc&#xED;a Lorca: un criterio pl&#xE1;stico-po&#xE9;tico en &#xED;ntima uni&#xF3;n / Gracia Ruiz Llamas y Daniel Carbonell Arroyo -- La feria en los dibujos y poemas de Lorca / Shelby Thacker -- Poemas visuales y dibujos po&#xE9;ticos de Lorca / Ver&#xF3;nica Dean-Thacker y Pedro Guerrero Ruiz -- Poeta para la m&#xFA;sica / Josefa Lac&#xE1;rcel Moreno y Mar&#xED;a Esperanza Clares Clares -- El mundo visto a trav&#xE9;s de la m&#xFA;sica / Arturo Delgado -- Lorca y las canciones populares infantiles / Mar&#xED;a Dulce S&#xE1;nchez-Blanco Celarai.</subfield>
  </datafield>
  <datafield tag="588" ind1="0" ind2=" ">
    <subfield code="a">Online resource; title from PDF title page (Digitalia, viewed October 30, 2016)</subfield>
  </datafield>
  <datafield tag="600" ind1="1" ind2="0">
    <subfield code="a">Garc&#xED;a Lorca, Federico,</subfield>
    <subfield code="d">1898-1936</subfield>
    <subfield code="x">Criticism and interpretation.</subfield>
  </datafield>
  <datafield tag="655" ind1=" " ind2="0">
    <subfield code="a">Electronic books.</subfield>
  </datafield>
  <datafield tag="700" ind1="1" ind2=" ">
    <subfield code="a">Guerrero Ruiz, Pedro,</subfield>
    <subfield code="e">editor.</subfield>
  </datafield>
  <datafield tag="776" ind1="0" ind2="8">
    <subfield code="i">Print version:</subfield>
    <subfield code="t">Federico Garc&#xED;a Lorca en el espejo del tiempo.</subfield>
    <subfield code="d">Alicante : Editorial Aguaclara S.L, 1998.</subfield>
    <subfield code="z">9788480181365</subfield>
    <subfield code="w">(OCoLC)39298576</subfield>
  </datafield>
  <datafield tag="791" ind1="2" ind2=" ">
    <subfield code="a">Digitalia (Firm),</subfield>
    <subfield code="e">distributor.</subfield>
  </datafield>
  <datafield tag="830" ind1=" " ind2="0">
    <subfield code="a">Colecci&#xF3;n Amalgama ;</subfield>
    <subfield code="v">19.</subfield>
  </datafield>
  <datafield tag="793" ind1="0" ind2=" ">
    <subfield code="g">Digitalia eBook Collection:</subfield>
    <subfield code="a">Editorial Aguaclara.</subfield>
  </datafield>
  <datafield tag="856" ind1="4" ind2="0">
    <subfield code="3">Digitalia Hisp&#xE1;nica</subfield>
    <subfield code="u">https://www.digitaliapublishing.com/a/113/</subfield>
  </datafield>
  <datafield tag="910" ind1=" " ind2=" ">
    <subfield code="a">Premium Collection: 2007-2012</subfield>
  </datafield>
  <datafield tag="942" ind1=" " ind2=" ">
    <subfield code="c">RAA</subfield>
  </datafield>
  <datafield tag="952" ind1=" " ind2=" ">
    <subfield code="0">0</subfield>
    <subfield code="1">0</subfield>
    <subfield code="4">0</subfield>
    <subfield code="7">0</subfield>
    <subfield code="8">DEH</subfield>
    <subfield code="a">BD-UIN</subfield>
    <subfield code="b">BD-UIN</subfield>
    <subfield code="d">2025-04-25</subfield>
    <subfield code="l">0</subfield>
    <subfield code="r">2025-04-25</subfield>
    <subfield code="w">2025-04-25</subfield>
    <subfield code="y">RAA</subfield>
  </datafield>
  <datafield tag="999" ind1=" " ind2=" ">
    <subfield code="c">229209</subfield>
    <subfield code="d">229209</subfield>
  </datafield>
</record>
